| 000 | 00708cab a2200241 4500 | ||
|---|---|---|---|
| 001 | WB3342-37 | ||
| 008 | 090401t1997 xxu||||| |||| 00| 0 eng d | ||
| 035 | _a(Sirsi) u81723 | ||
| 041 | _aeng | ||
| 245 | _aHong Kong slump | ||
| 260 | _c1997 | ||
| 350 | _a0 | ||
| 490 |
_aFinancial Times _v28 October 1997, 8(1) |
||
| 520 | _aThe slump which has increased mortgage and interest rates has reached Hong Kong property sector. The possible impact to the broader economy is considered. | ||
| 650 | _aHONG KONG | ||
| 650 | _aINTEREST RATES | ||
| 650 | _aMORTGAGE RATES | ||
| 650 | _aPROPERTY SECTOR | ||
| 650 | _aSLUMP | ||
| 690 | _aOVERSEAS-REST OF THE WORLD | ||
| 942 | _n0 | ||
| 948 | _c28/10/1997 | ||
| 999 |
_c51524 _d51524 |
||